=LDR 00000nam 2200000 4500 =001 INLIS000000000001668 =005 20130612090053 =008 ***********************************Ind** =035 ##$$0010-061300000001668 =041 ##$$a Ind =082 ##$$a 372.830 76 =090 ##$$a 372.830 76, Soa-s =245 ##$$a Soal dan evaluasi ilmu pengetahuan sosial dilengkapi dengan kunci jawaban untuk SD kurikulum pendidikan dasar GBPP 1994 =260 ##$$a 1999 $b Semarang =300 ##$$a ...jil. 8 cm =650 ##$$a IPS (Pendidikan Dasar/SD) =650 ##$$a Ujian, Soal, dsb =850 ##$$a NBPNMAT